=LDR 00000nam 2200000 4500 =001 INLIS000000000028502 =005 20130612130813 =008 ***********************************Ind** =035 ##$$0010-061300000028502 =041 ##$$a Ind =082 ##$$a 391.598 6 =090 ##$$a 391.598 6, Pak p =245 ##$$a Pakaian kulit kayu tehnik dan fungsinya =260 ##$$a 1995 $b Jakarta =300 ##$$a iv, 54 hlm, ilus, 19 cm =650 ##$$a Pakaian - Kulit =850 ##$$a NBPNMAT